000 00310nam a22001337a 4500
008 171024b xxu||||| |||| 00| 0 eng d
020 _a0393955699
041 _aeng
080 _23RD
_a311
100 _a55
101 _aSTA
245 _aSTATISTICS FOR BUSINESS AND ECONOMICS
_cMANSFIELD.E
942 _2udc
_cBK
999 _c35661
_d35661